| 000 | 00741nam a2200265 a 4500 | ||
|---|---|---|---|
| 008 | |||
| 020 | _a0443056900 (pbk.) | ||
| 049 | _aMAIN | ||
| 090 |
_aQZ18.2 _bBEY |
||
| 100 | 1 | _aBeynon, H.L.C. | |
| 245 | 1 | 0 | _aThe Complete MRCP3 Photographic Interpretation Questions MRCP Part 2 |
| 260 |
_aLondon; _bChurchill Livingstone; _c1991. |
||
| 300 | _a2nd edition. | ||
| 300 |
_a239p. : _b ill, _c20cm. |
||
| 490 |
_aComplete MRCP; _v3. |
||
| 500 | _aIncludes index. | ||
| 650 | 1 | _aMedicine | |
| 700 | _aDavies, K.A. | ||
| 700 | _aBogaerde, J.B. van den | ||
| 907 |
_a.b10247166 _b13-02-13 _c04-06-07 |
||
| 003 | |||
| 005 | 20230120191429.0 | ||
| 040 | _cNUST | ||
| 942 |
_cBOOKS _kQZ18.2 _mBEY |
||
| 999 |
_c100995 _d100995 |
||